| 000 | 00971nam a22002057a 4500 | ||
|---|---|---|---|
| 003 | BD-DhUL | ||
| 005 | 20170705094221.0 | ||
| 008 | 170419s2000 bg ab||| b||| 00| 0 ben d | ||
| 040 |
_aBD-DhUL _cBD-DhUL |
||
| 082 |
_a954.922 _bSAR |
||
| 100 | 1 | _aসরকার, তাপস কুমার | |
| 245 | 1 | 0 |
_aরাজবাড়ী জেলা : _bইতিহাস ও ঐতিহ্য / এম.ফিল অভিসন্দর্ভ _cতাপস কুমার সরকার |
| 260 |
_aঢাকা : _bঢাকা বিশ্ববিদ্যালয়, _c২০০০ । |
||
| 300 |
_a২৩২ পৃ. : _bচিত্র, মানচিত্র ; _c২২ সেমি। |
||
| 365 |
_aBDT. _b225.00 |
||
| 504 | _aগ্রন্থপঞ্জিগত তথ্য সংবলিত | ||
| 651 | 0 |
_aরাজবাড়ী _xইতিহাস ও ঐহিত্য |
|
| 651 | 0 |
_aRajbari _xHistory and Tradition. |
|
| 942 |
_2ddc _cREF |
||
| 999 |
_c210487 _d210487 |
||